000 00436nam a2200181Ia 4500
008 210210b1937 xxu||||| |||| 00| 0 eng d
041 _aeng
082 _a822/117
100 _aBENSON (E F)
245 _aWere: A victorian peep-show
260 _aLondon
_bLongmans Green and Company Limited
_c1937
650 _aWere:
650 _avictorian
650 _apeep-show
650 _aA
690 _aEnglish Prose
906 _a012304
999 _c131093
_d131093